Topographie des thebanischen Gaues /
Main Author:
Format: Book
Language: German
Published:
Berlin :
Akademie-Verlag,
1952.
Series:
Untersuchungen zur Geschichte und Altertumskunde Aegyptens ;
16.
UGAA ;
16.
Subjects:
Tags: Add Tag
Call Number: DT57 .U6 v.16
| LEADER | 00823nam a2200265I 4500 | ||
|---|---|---|---|
| 001 | 3318 | ||
| 003 | OSt | ||
| 005 | 20260423082154.0 | ||
| 008 | 130303s1952 gw a 000 0 ger d | ||
| 010 | |a 57024329 | ||
| 040 | |c ARCE Library | ||
| 043 | |a f-ua--- | ||
| 050 | 4 | |a DT57 .U6 v.16 | |
| 100 | 1 | |a Otto, Eberhard, |d 1913-1974, |e author | |
| 245 | 1 | 0 | |a Topographie des thebanischen Gaues / |c Eberhard Otto. |
| 264 | 1 | |a Berlin : |b Akademie-Verlag, |c 1952. | |
| 300 | |a 123 pages : |b illustrations ; |c 30 cm. | ||
| 490 | 1 | |a Untersuchungen zur Geschichte und Altertumskunde Aegyptens ; |v 16. | |
| 490 | 1 | |a UGAA ; |v 16. | |
| 651 | 0 | |a Thebes (Egypt : Extinct city) | |
| 830 | 0 | |a Untersuchungen zur Geschichte und Altertumskunde Aegyptens ; |v 16. | |
| 830 | 0 | |a UGAA ; |v 16. | |
| 901 | |a reviewed | ||
| 942 | |c BK |2 lcc | ||
| 999 | |c 6425 |d 6425 | ||
